Online
Catalog

Discurso en el acto de inaguración del seminario internacional del cierre de gestión, La reforma de la Empresa Pública en la República Dominicana. (Record no. 28424)

MARC details
000 -CABECERA
campo de control de longitud fija 00539nam a2200133 a 4500
001 - NÚMERO DE CONTROL
campo de control 000028932
005 - FECHA Y HORA DE LA ÚLTIMA TRANSACCIÓN
campo de control 20200930055227.0
008 - DATOS DE LONGITUD FIJA--INFORMACIÓN GENERAL
campo de control de longitud fija 110412s2000 dr 000 0 spa d
040 ## - FUENTE DE LA CATALOGACIÓN
Centro catalogador/agencia de origen DO-SdBNP
Lengua de catalogación spa
Centro/agencia transcriptor BNPHU
049 ## - FONDOS LOCALES (OCLC)
Fondos de biblioteca BNPD
245 00 - MENCIÓN DE TÍTULO
Título Discurso en el acto de inaguración del seminario internacional del cierre de gestión, La reforma de la Empresa Pública en la República Dominicana.
260 ## - PUBLICACIÓN, DISTRIBUCIÓN, ETC.
Lugar de publicación, distribución, etc. Santo Domingo :
Nombre del editor, distribuidor, etc. La Reforma de la Empresa Pública en la República Dominicana,
Fecha de publicación, distribución, etc. [2000].
Fabricante Editorial Stella
300 ## - DESCRIPCIÓN FÍSICA
Extensión 13 p. ;
Dimensiones 22 cm.
Holdings
Estado de retiro Estado de pérdida No para préstamo Código de colección Localización permanente Ubicación/localización actual Ubicación en estantería Fecha de adquisición Número de inventario Total de préstamos Signatura topográfica completa Código de barras Fecha visto por última vez Precio válido a partir de Tipo de ítem Koha
    Excluido de préstamo Patrimonio Dominicano Patrimonio Dominicano Patrimonio Dominicano En catalogación 12.04.2011 LF1   28932-10 25.06.2020 25.06.2020 Libro y Folleto Colección Patrimonio Dominicano

Powered by Koha